Multinational management : a strategic approach /
Foundations of multinational management. Strategy content and formulation for multinational companies. Management processes in strategy implementation: design choices for multinational companies. Management processes in strategy implementation: managing people in multinational companies. Ethics and...
Na minha lista:
| Autor principal: | |
|---|---|
| Formato: | Livro |
| Idioma: | English |
| Publicado em: |
Cincinnati, Ohio :
South-Western College,
1999.
|
| Assuntos: | |
| Tags: |
Adicionar Tag
Sem tags, seja o primeiro a adicionar uma tag!
|
| Thư viện lưu trữ: | Mạng thư viện Đại học Đà Nẵng |
|---|
| LEADER | 01288cam a2200349 i 4500 | ||
|---|---|---|---|
| 001 | 000047428 | ||
| 003 | 7103 | ||
| 005 | 20041027135945.0 | ||
| 008 | 010320b1999 vm 000 eng | ||
| 020 | |a 0538890347 | ||
| 040 | |a IRC |c IRC |d IRC | ||
| 041 | 0 | |a eng | |
| 082 | 1 | 4 | |a 658.049 |b CU-J |
| 100 | 1 | |a Cullen, John B. |q (John Brooks), |d 1948- | |
| 245 | 1 | 0 | |a Multinational management : |b a strategic approach / |c John B. Cullen. |
| 260 | |a Cincinnati, Ohio : |b South-Western College, |c 1999. | ||
| 300 | |a xvii, 622 p. : |b ill. ; |c 26 cm. | ||
| 520 | 3 | |a Foundations of multinational management. Strategy content and formulation for multinational companies. Management processes in strategy implementation: design choices for multinational companies. Management processes in strategy implementation: managing people in multinational companies. Ethics and social responsibility in the multinational company. | |
| 630 | 0 | 4 | |a Business. |
| 630 | 0 | 4 | |a Management. |
| 630 | 0 | 4 | |a Enterprises. |
| 650 | 0 | 4 | |a International business enterprises |x Management. |
| OWN | |a DUT | ||
| 999 | |a From the UDN01 | ||
| TYP | |a Monograph | ||
| TYP | |a Printed language | ||
| 980 | |a Mạng thư viện Đại học Đà Nẵng | ||


